000 00280nam a22001097a 4500
008 170110b xxu||||| |||| 00| 0 eng d
020 _a9780803606074
041 _aeng
080 _a618.2
245 _aCOMMUNITY-BASED NURSING PRACTICE
_cSORRELL, J.M 7 REDMOND, G.M
942 _2udc
_cBK
999 _c2609
_d2609